2023 Movie Titles - Fill in the Blank - Statistics

General Stats
  • This quiz has been taken 25 times
  • The average score is 6 of 15
Answer Stats
Hint Answer % Correct
Guardians of the _______ Vol. 3 Galaxy
88%
Mission: Impossible - ____ Reckoning Part One Dead
60%
_______ of Flower Moon Killers
60%
Dungeons and Dragons : _____ Among Thieves Honor
52%
Godzilla Minus ___ One
52%
Indiana Jones and the Dial of _______ Destiny
48%
Aquaman and the ____ Kingdom Lost
48%
The little _______ Mermaid
40%
____ ____ : Chapter 4 John Wick
36%
The ___ and the Heron Boy
32%
Teenage Mutant Ninja Turtles: ______ Mayhem Mutant
32%
Transformers: Rise of the _____ Beasts
24%
____ Things Poor
24%
Meg 2: ___ _____ The Trench
24%
____ To Me Talk
12%
No matching quizzes found
Score Distribution
Percent of People with Each Score
Percentile by Number Answered
Your Score History
You have not taken this quiz